Ekonomičeskaja teorija [učebnoje posobije]

Salvato in:
Dettagli Bibliografici
Altri autori: Sokolinskij, Vadim Michajlovič
Natura: Libro
Lingua:russo
Pubblicazione: Moskva KNORUS 2014
Edizione:7. izd., ster.
Serie:Bakalavrijat
Soggetti:
Tags: Aggiungi Tag
Nessun Tag, puoi essere il primo ad aggiungerne!!

MARC

LEADER 00000nam a2200000 4500
001 0194250
005 20240226134036.3
020 |a 978-5-406-03104-9 
041 0 |a rus 
044 |a RU 
245 1 0 |a Ekonomičeskaja teorija  |b [učebnoje posobije]  |c pod redakcijej: V.M. Sokolinskogo 
250 |a 7. izd., ster. 
264 1 |a Moskva  |b KNORUS  |c 2014 
300 |a 459 s. 
490 1 |a Bakalavrijat 
830 0 |a Bakalavrijat 
610 2 0 |a teórie ekonomické 
610 2 0 |a vývoj 
610 2 0 |a mikroekonomika 
610 2 0 |a firmy 
610 2 0 |a makroekonomika 
610 2 0 |a hospodárstvo trhové 
610 2 0 |a rast hospodársky 
610 2 0 |a hospodárstvo otvorené 
610 2 0 |a globalizácia 
700 1 |a Sokolinskij, Vadim Michajlovič